ბათუმის შოთა რუსთაველის სახელმწიფო უნივერსიტეტის ბიბლიოთეკა

სამხრეთ კავკასიის უსაფრთხოების პრობლემები ტრანსფორმირებად საერთაშორისო სისტემაში (ბიბ.ჩანაწერი № 34520)

000 -LEADER
fixed length control field 00949nam a2200217Ia 4500
001 - CONTROL NUMBER
control field 270
003 - CONTROL NUMBER IDENTIFIER
control field GE_BSU
008 - FIXED-LENGTH DATA ELEMENTS--GENERAL INFORMATION
fixed length control field 181216s||||||||xx |||||||||||||| ||und||
020 ## - INTERNATIONAL STANDARD BOOK NUMBER
International Standard Book Number 9994009680
040 ## - CATALOGING SOURCE
Transcribing agency GE_BSU
080 ## - UNIVERSAL DECIMAL CLASSIFICATION NUMBER
Universal Decimal Classification number 94(479.9)
100 ## - MAIN ENTRY--PERSONAL NAME
Personal name ასანიშვილი, ფიქრია
245 ## - TITLE STATEMENT
Title სამხრეთ კავკასიის უსაფრთხოების პრობლემები ტრანსფორმირებად საერთაშორისო სისტემაში
260 ## - PUBLICATION, DISTRIBUTION, ETC.
Place of publication, distribution, etc. თბილისი
260 ## - PUBLICATION, DISTRIBUTION, ETC.
Name of publisher, distributor, etc. ინტელექტი
260 ## - PUBLICATION, DISTRIBUTION, ETC.
Date of publication, distribution, etc. 2006
300 ## - PHYSICAL DESCRIPTION
Extent 159 გვ.
653 ## - INDEX TERM--UNCONTROLLED
Uncontrolled term სამხრეთ კავკასიის უსაფრთხოების პრობლემები ტრანსფორმირებად საერთაშორისო სისტემაში
942 ## - ADDED ENTRY ELEMENTS (KOHA)
Koha item type წიგნი
ეგზემპლარები
Withdrawn status Lost status Damaged status Not for loan Date acquired Barcode Date last seen Price effective from Koha item type
        2018-12-17 1038 2018-12-17 2018-12-17 წიგნი